In the shadow of the law : women and justice delivery in Zimbabwe / (Record no. 529)

000 -LEADER
fixed length control field 01090cam a2200301 a 4500
001 - CONTROL NUMBER
control field 12213645
005 - DATE AND TIME OF LATEST TRANSACTION
control field 20140116120830.0
008 - FIXED-LENGTH DATA ELEMENTS--GENERAL INFORMATION
fixed length control field 000904s2000 rh ab b 001 0 eng
010 ## - LIBRARY OF CONGRESS CONTROL NUMBER
LC control number 00284468
020 ## - INTERNATIONAL STANDARD BOOK NUMBER
International Standard Book Number 9781779150011
035 ## - SYSTEM CONTROL NUMBER
System control number (DLC) 00284468
040 ## - CATALOGING SOURCE
Original cataloging agency DLC
Transcribing agency DLC
Modifying agency DLC
042 ## - AUTHENTICATION CODE
Authentication code lcode
043 ## - GEOGRAPHIC AREA CODE
Geographic area code f-rh---
050 00 - LIBRARY OF CONGRESS CALL NUMBER
Classification number KTZ328.I5 2000
245 00 - TITLE STATEMENT
Title In the shadow of the law : women and justice delivery in Zimbabwe /
Statement of responsibility, etc Julie Stewart ... [et al.].
260 ## - PUBLICATION, DISTRIBUTION, ETC. (IMPRINT)
Place of publication, distribution, etc Harare :
Name of publisher, distributor, etc Women and Law in Southern Africa Research Trust in association with Mond Books,
Date of publication, distribution, etc 2000.
300 ## - PHYSICAL DESCRIPTION
Extent 184 p. :
Other physical details ill., maps
504 ## - BIBLIOGRAPHY, ETC. NOTE
Bibliography, etc Includes bibliographical references and index.
650 #0 - SUBJECT ADDED ENTRY--TOPICAL TERM
Topical term or geographic name as entry element Sex discrimination in justice administration
Geographic subdivision Zimbabwe.
650 #0 - SUBJECT ADDED ENTRY--TOPICAL TERM
Topical term or geographic name as entry element Women
General subdivision Legal status, laws, etc.
Geographic subdivision Zimbabwe.
650 #0 - SUBJECT ADDED ENTRY--TOPICAL TERM
Topical term or geographic name as entry element Women
Geographic subdivision Zimbabwe
General subdivision Social conditions.
700 1# - ADDED ENTRY--PERSONAL NAME
Personal name Stewart, Julie
Fuller form of name (Julie E.)
710 2# - ADDED ENTRY--CORPORATE NAME
Corporate name or jurisdiction name as entry element Women and Law in Southern Africa Trust.
906 ## - LOCAL DATA ELEMENT F, LDF (RLIN)
a 7
b cbc
c origode
d 3
e ncip
f 20
g y-gencatlg
942 ## - ADDED ENTRY ELEMENTS (KOHA)
Source of classification or shelving scheme
Item type Book
Holdings
Withdrawn status Lost status Source of classification or shelving scheme Damaged status Not for loan Home library Current library Date acquired Source of acquisition Total Checkouts Full call number Barcode Date last seen Date last borrowed Copy number Price effective from Koha item type
          Riara University Library Riara University Library 22/10/2011 Purchase 1 KTZ328.I5 2000 1133/11 06/10/2015 11/09/2015 C.1 22/10/2011 Book
          Riara University Library Riara University Library 22/10/2011 Purchase   KTZ328.I5 2000 1132/11 22/10/2011   C.2 22/10/2011 Book
          Riara University Library Riara University Library 22/10/2011 Purchase   KTZ328.I5 2000 1131/11 22/10/2011   C.3 22/10/2011 Book

Riara University Library,
P.O. Box 49940-00100,
Nairobi, Kenya.